MARC

LEADER 00000nam0a2200000 4500
001 268579
005 20231101234159.0
020 |a RU  |b 85-84938 
035 |a (RuTPU)RU\TPU\book\291730 
090 |a 268579 
100 |a 20140904d1985 k y0rusy5003 ca 
101 0 |a rus 
102 |a RU 
105 |a a z 001zy 
200 1 |a Оптическая обработка изображений  |e сборник научных статей  |f Академия наук СССР (АН СССР), Отделение общей физики и астрономии ; под ред. С. Б. Гуревича, Г. А. Гаврилова 
210 |a Ленинград  |c Наука  |d 1985 
215 |a 144 с.  |c ил. 
320 |a Библиография в конце статей 
606 1 |a Изображения  |x Обработка  |x Оптические методы  |2 stltpush  |3 (RuTPU)RU\TPU\subj\12288  |9 39099 
610 1 |a оптические иображения 
610 1 |a информация 
610 1 |a цифровая обработка 
610 1 |a оптико-электронные средства 
610 1 |a фазовые фильтры 
610 1 |a фотоэлектрические преобразователи 
675 |a 621.397:681.3.01  |z rus  |v 3 
702 1 |a Гуревич  |b С. Б.  |4 340 
702 1 |a Гаврилов  |b Г. А.  |4 340 
712 0 2 |a Академия наук СССР (АН СССР)  |b Отделение общей физики и астрономии  |2 stltpush  |3 (RuTPU)RU\TPU\col\722 
801 0 |a RU  |b RuMRKP  |c 19950704  |g psbo 
801 1 |a RU  |b 63413507  |c 20140904 
801 2 |a RU  |b 63413507  |c 20161014  |g RCR 
942 |c BK